000 00944cam a2200133 4500500
005 20260329023147.0
041 _afre
042 _adc
100 1 0 _aKaufmann, Jean-Claude
_eauthor
245 0 0 _aL'entretien compréhensif
260 _bArmand Colin,
_c2016.
520 _aCe manuel présente de façon concrète les différentes étapes permettant de mener à bien un entretien compréhensif et d’élaborer un cadre d’interprétation. La démarche consiste à s’appuyer sur les catégories de pensée des informateurs, tant pour conduire les entretiens de façon efficace que pour formuler des hypothèses. Elle peut s’appliquer au-delà de l’entretien en face à face, dans les nouveaux espaces d’enquête offerts par Internet. Jusqu’où et comment est-il possible de théoriser en partant du terrain ?
856 4 1 _uhttps://shs.cairn.info/l-entretien-comprehensif--9782200613976?lang=fr&redirect-ssocas=7080
999 _c1925142
_d1925142